Vybrané kapitoly z výpočtovej techniky (pre učiteľov prírodovedných a odborných predmetov na školách 2. cyklu.)

Bibliographic Details
Main Authors: Darmo, Ján (Author), Čihanský, Štefan (Author)
Format: Book
Language:Slovak
PhysicalDescription:270 s. mp., sch., tab. 29 cm
Published: Prešov Krajský pedagogický ústav 1978
Subjects:

MARC

LEADER 00000cam a2200000 a 4500
001 vtls001111752
003 SK-MaSNL
005 20260301111514.0
008 240315s1978 xo ab f n 00000 slo
015 |a SNBA1978 
020 |q (brož.) 
035 |a SNK000054595 
040 |a SNK  |b slo  |c SNK  |e AACR2 
041 0 |a slo 
044 |a xo  |c SK 
080 |a 681.3(075)  |2 1981 
100 1 |a Darmo, Ján  |4 aut  |9 450211 
245 1 0 |a Vybrané kapitoly z výpočtovej techniky  |b (pre učiteľov prírodovedných a odborných predmetov na školách 2. cyklu.)  |c Ján Darmo, Štefan Čihanský 
260 |a Prešov  |b Krajský pedagogický ústav  |c 1978 
300 |a 270 s.  |b mp., sch., tab.  |c 29 cm 
366 |e 1000 výt. 
504 |a Bibliogr. odkazy 
521 |a Určené pre vnútornú potrebu KPÚ a škôl 
650 0 7 |a výpočtová technika  |2 SNKPH  |9 1126 
650 0 7 |a stredné školy  |2 SNKPH  |9 1279 
650 0 7 |a učitelia  |2 SNKPH  |9 3995 
655 7 |a texty  |2 SNKPH  |9 70511 
655 7 |a metodické príručky  |2 SNKPH  |9 70250 
700 1 |a Čihanský, Štefan  |4 aut  |9 278825 
958 |a OND 
958 |a NB 
999 |c 707201  |d 709131 
952 |a SNK  |b SNK  |y PREZ  |7 0  |p 17A0967653  |o snkSB 26256  |i snkKSP 1754/78  |0 0  |1 0  |4 0  |d 2014-07-18  |f 1  |l 0  |r 2025-03-31 00:00:00  |w 2026-02-23 
952 |a SNK  |b SNK  |y VYP  |7 0  |o snkSB 26256 D1  |i snkKSP 1755/78  |0 0  |1 0  |4 0  |d 2014-07-18  |l 0  |r 2026-02-23 21:21:02  |w 2026-02-23